<?xml version="1.0" encoding="UTF-8"?><?xml-stylesheet type="text/xsl" href="static/style.xsl"?><OAI-PMH xmlns="http://www.openarchives.org/OAI/2.0/" xmlns:xsi="http://www.w3.org/2001/XMLSchema-instance" xsi:schemaLocation="http://www.openarchives.org/OAI/2.0/ http://www.openarchives.org/OAI/2.0/OAI-PMH.xsd"><responseDate>2026-04-13T08:16:00Z</responseDate><request verb="GetRecord" identifier="oai:www.recercat.cat:2072/465451" metadataPrefix="marc">https://recercat.cat/oai/request</request><GetRecord><record><header><identifier>oai:recercat.cat:2072/465451</identifier><datestamp>2026-03-28T08:14:47Z</datestamp><setSpec>com_2072_98</setSpec><setSpec>col_2072_378192</setSpec></header><metadata><record xmlns="http://www.loc.gov/MARC21/slim" xmlns:dcterms="http://purl.org/dc/terms/" xmlns:xsi="http://www.w3.org/2001/XMLSchema-instance" xmlns:doc="http://www.lyncode.com/xoai" xsi:schemaLocation="http://www.loc.gov/MARC21/slim http://www.loc.gov/standards/marcxml/schema/MARC21slim.xsd">
   <leader>00925njm 22002777a 4500</leader>
   <datafield ind2=" " ind1=" " tag="042">
      <subfield code="a">dc</subfield>
   </datafield>
   <datafield ind2=" " ind1=" " tag="720">
      <subfield code="a">Martín-Campos, Jesús María</subfield>
      <subfield code="e">author</subfield>
   </datafield>
   <datafield ind2=" " ind1=" " tag="720">
      <subfield code="a">Plana, Núria</subfield>
      <subfield code="e">author</subfield>
   </datafield>
   <datafield ind2=" " ind1=" " tag="720">
      <subfield code="a">Figueras, Rosaura</subfield>
      <subfield code="e">author</subfield>
   </datafield>
   <datafield ind2=" " ind1=" " tag="720">
      <subfield code="a">Ibarretxe, Daiana</subfield>
      <subfield code="e">author</subfield>
   </datafield>
   <datafield ind2=" " ind1=" " tag="720">
      <subfield code="a">Caixàs i Pedragós, Assumpta</subfield>
      <subfield code="e">author</subfield>
   </datafield>
   <datafield ind2=" " ind1=" " tag="720">
      <subfield code="a">Esteve, Eduardo</subfield>
      <subfield code="e">author</subfield>
   </datafield>
   <datafield ind2=" " ind1=" " tag="720">
      <subfield code="a">Pérez Pérez, Antonio</subfield>
      <subfield code="e">author</subfield>
   </datafield>
   <datafield ind2=" " ind1=" " tag="720">
      <subfield code="a">Bueno, Marta</subfield>
      <subfield code="e">author</subfield>
   </datafield>
   <datafield ind2=" " ind1=" " tag="720">
      <subfield code="a">Mauri Pont, Marta</subfield>
      <subfield code="e">author</subfield>
   </datafield>
   <datafield ind2=" " ind1=" " tag="720">
      <subfield code="a">Roig, Rosa</subfield>
      <subfield code="e">author</subfield>
   </datafield>
   <datafield ind2=" " ind1=" " tag="720">
      <subfield code="a">Martínez Figueroa, Susana</subfield>
      <subfield code="e">author</subfield>
   </datafield>
   <datafield ind2=" " ind1=" " tag="720">
      <subfield code="a">Pintó, Xavier</subfield>
      <subfield code="e">author</subfield>
   </datafield>
   <datafield ind2=" " ind1=" " tag="720">
      <subfield code="a">Masana, Luis</subfield>
      <subfield code="e">author</subfield>
   </datafield>
   <datafield ind2=" " ind1=" " tag="720">
      <subfield code="a">Julve i Gil, Josep</subfield>
      <subfield code="e">author</subfield>
   </datafield>
   <datafield ind2=" " ind1=" " tag="720">
      <subfield code="a">Blanco Vaca, Francisco</subfield>
      <subfield code="e">author</subfield>
   </datafield>
   <datafield ind2=" " ind1=" " tag="260">
      <subfield code="c">2018</subfield>
   </datafield>
   <datafield ind2=" " ind1=" " tag="520">
      <subfield code="a">Background: Autosomal dominant hypercholesterolemia (ADH) is associated with mutations in the low-density lipoprotein (LDL) receptor (LDLR), apolipoprotein B (APOB), and proprotein convertase subtilisin/kexin 9 (PCSK9) genes, and it is estimated to be greatly underdiagnosed. The most cost-effective strategy for increasing ADH diagnosis is a cascade screening from mutation-positive probands. Objective: The objective of this study was to evaluate the results from 2008 to 2016 of ADH genetic analysis performed in our clinical laboratory, serving most lipid units of Catalonia, a Spanish region with approximately 7.5 million inhabitants. Methods: After the application of the Dutch Lipid Clinic Network (DLCN) clinical diagnostic score for ADH, this information and blood or saliva from 23 different lipid clinic units were investigated in our laboratory. DNA was screened for mutations in LDLR, APOB, and PCSK9, using the DNA-array LIPOchip, the next-generation sequencing SEQPRO LIPO RS platform, and multiplex ligation-dependent probe amplification (MLPA). The Simon Broome Register Group (SBRG) criteria was calculated and analyzed for comparative purposes. Results: A total of 967 unrelated samples were analyzed. From this, 158 pathogenic variants were detected in 356 patients. The main components of the DLCN criteria associated with the presence of mutation were plasma LDL cholesterol (LDLc), age, and the presence of tendinous xanthomata. The contribution of family history to the diagnosis was lower than in other studies. DLCN and SBRG were similarly useful for predicting the presence of mutation. Conclusion: In a real clinical practice, multicenter setting in Catalonia, the percentage of positive genetic diagnosis in patients potentially affected by ADH was 38.6%. The DLCN showed a relatively low capacity to predict mutation detection but a higher one for ruling out mutation.</subfield>
   </datafield>
   <datafield tag="653" ind2=" " ind1=" ">
      <subfield code="a">Cardiovascular risk</subfield>
   </datafield>
   <datafield tag="653" ind2=" " ind1=" ">
      <subfield code="a">Dutch Lipid Clinic Network score</subfield>
   </datafield>
   <datafield tag="653" ind2=" " ind1=" ">
      <subfield code="a">Familial hypercholesterolemia</subfield>
   </datafield>
   <datafield tag="653" ind2=" " ind1=" ">
      <subfield code="a">Molecular diagnosis</subfield>
   </datafield>
   <datafield tag="653" ind2=" " ind1=" ">
      <subfield code="a">Polygenic hypercholesterolemia</subfield>
   </datafield>
   <datafield ind2="0" ind1="0" tag="245">
      <subfield code="a">Autosomal dominant hypercholesterolemia in Catalonia : Correspondence between clinical-biochemical and genetic diagnostics in 967 patients studied in a multicenter clinical setting</subfield>
   </datafield>
</record></metadata></record></GetRecord></OAI-PMH>